000 00473nam a22001697a 4500
008 170612b xxu||||| |||| 00| | tur d
020 _a9789756446966
041 _atur
050 _aPL210.S85
100 _91038
_aCemile Sümeyra
245 _aKendi Kalemini Kıranlar Türk Edebiyatında İntihar
260 _aİstanbul
_bŞule Yayınları
_cEkim 2007
300 _a197 sayfa
500 _aŞule Yayınları: 305
650 0 _9145
_aTürk Edebiyatı
942 _2lcc
_cBK
999 _c1967
_d1928